Online
Catalog

El factor hereditario : (Record no. 35791)

MARC details
000 -CABECERA
campo de control de longitud fija 00664nam a2200181 a 4500
001 - NÚMERO DE CONTROL
campo de control 000036300
005 - FECHA Y HORA DE LA ÚLTIMA TRANSACCIÓN
campo de control 20200930075644.0
008 - DATOS DE LONGITUD FIJA--INFORMACIÓN GENERAL
campo de control de longitud fija 120112s1978 mx a 000 0 spa d
020 ## - NÚMERO INTERNACIONAL ESTÁNDAR DEL LIBRO
Número Internacional Estándar del Libro 9684090137
040 ## - FUENTE DE LA CATALOGACIÓN
Centro catalogador/agencia de origen DO-SdBNP
Lengua de catalogación spa
Centro/agencia transcriptor BNPHU
100 1# - ENTRADA PRINCIPAL--NOMBRE DE PERSONA
Nombre de persona Nyhan, William L.
9 (RLIN) 62437
240 14 - TÍTULO UNIFORME
Título uniforme The heredity factor :
-- genes, chromosomes, and you
Lenguaje de la obra Español
245 13 - MENCIÓN DE TÍTULO
Título El factor hereditario :
Resto del título los genes, los cromosomas, la familia y usted /
Mención de responsabilidad, etc. William L. Nyhan y Edward Edelson.
260 ## - PUBLICACIÓN, DISTRIBUCIÓN, ETC.
Lugar de publicación, distribución, etc. México :
Nombre del editor, distribuidor, etc. Editores Asociados Mexicanos,
Fecha de publicación, distribución, etc. 1978.
300 ## - DESCRIPCIÓN FÍSICA
Extensión 393 p. :
Otras características físicas il. ;
Dimensiones 19 cm.
500 ## - NOTA GENERAL
Nota general Traducido del idioma inglés
700 1# - PUNTO DE ACCESO ADICIONAL--NOMBRE DE PERSONA
Nombre de persona Villegas, Ana Sylvia
Término indicativo de función/relación tr.
9 (RLIN) 62438
Holdings
Estado de retiro Estado de pérdida Restricciones de uso No para préstamo Código de colección Localización permanente Ubicación/localización actual Ubicación en estantería Fecha de adquisición Número de inventario Total de préstamos Signatura topográfica completa Código de barras Fecha visto por última vez Precio válido a partir de Tipo de ítem Koha
        Monografías: Libros y Folletos General General Orden iniciada 12.01.2012 LF1   36301-10 25.06.2020 25.06.2020 No se presta

Powered by Koha